| 000 | 00000nam##2200000za#4500 |
| 001 | 9.699505 |
| 003 | CaOODSP |
| 005 | 20210625000418 |
| 007 | cr ||||||||||| |
| 008 | 150407|2008||||xxc|||||o f|0| 0 eng|d |
| 040 | |aCaOODSP|beng |
| 043 | |an-cn--- |
| 086 | 1 |aR74-15/2008E-PDF |
| 110 | 1 |aCanada.|bIndian and Northern Affairs. |bWater Resources Division. |
| 245 | 10|aPeel River water and suspended sediment sampling program (2002-2007) |h[electronic resource] |
| 260 | |aYellowknife - Northwest Territories : |bIndian and Northern Affairs. |cJune 2008. |
| 300 | |a8p.|bfigs., map, photographs |
| 590 | |a15-02-Supp|b2015-02-16 |
| 690 | 07|aWater management|2gcpds |
| 690 | 07|aWater quality|2gcpds |
| 775 | 08|tRivière Peel - programme d'échantillonnage du bassin (2002 - 2007) |w(CaOODSP)9.643540 |
| 856 | 40|ahttp://publications.gc.ca|qPDF|s334 KB|uhttps://publications.gc.ca/collections/collection_2014/aadnc-aandc/R74-15-2008-eng.pdf |